LEADER 01047nam0 2200313 450 001 000002478 005 20080901093845.0 100 $a20010124d1967----km-y0itay50------ba 101 0 $aita 102 $aIT 105 $ay-------001yy 200 1 $a<>politica petrolifera italiana$fdi Luigi Bruni e Marcello Colitti 210 $aMilano$cGiuffrč$d1967 215 $aXII, 244 p.$d25 cm 225 2 $aCollana Francesco Giordani 300 $aIn test. al front.: SVIMEZ Centro per gli studi sullo sviluppo economico 410 0$12001$aCollana Francesco Giordani 610 1 $aPetrolio$aIndustria$aItalia 610 1 $aEnte Nazionale Idrocarburi 676 $a338.27$v16$9Prodotti minerari 700 1$aBruni,$bLuigi$035490 701 1$aColitti,$bMarcello$0105809 801 0$aIT$bUNIPARTHENOPE$gRICA$2UNIMARC 912 $a000002478 951 $a633/4$b3669$cNAVA2 951 $aCFG 338.9/8$b18412$cNAVA1$d20010125 951 $a382.3/112$b27895$cNAVA1$d2008 996 $aPolitica petrolifera italiana$91223760 997 $aUNIPARTHENOPE LEADER 01811oam 2200469zu 450 001 9910164709303321 005 20230213212707.0 010 $a0-8031-4932-8 035 $a(CKB)3170000000045265 035 $a(SSID)ssj0001184341 035 $a(PQKBManifestationID)11714378 035 $a(PQKBTitleCode)TC0001184341 035 $a(PQKBWorkID)11196481 035 $a(PQKB)11152660 035 $a(EXLCZ)993170000000045265 100 $a20160829h19851985 uy 0 101 0 $aeng 181 $ctxt$2rdacontent 182 $cc$2rdamedia 183 $acr$2rdacarrier 200 00$aQuality assurance for environmental measurements $ea symposium /$feditors, John K. Taylor, T. W. Stanley 210 31$aPhiladelphia :$cASTM;$d1985 210 4$aŠ1985 225 0 $aASTM special technical publication Quality assurance for environmental measurements 300 $aBibliographic Level Mode of Issuance: Monograph 300 $aProceedings of the Conference on Quality Assurance for Environmental Measurements, held Aug. 8-12, 1983, Boulder, Colo 300 $a"ASTM publication code number (PCN) 04-867000-16." 311 $a0-8031-0224-0 606 $aPollution$xMeasurement$zUnited States$vCongresses 606 $aQuality assurance$vCongresses 615 0$aPollution$xMeasurement 615 0$aQuality assurance 676 $a628.5/028/7 702 $aStanley$b T. W$g(Thomas W.), 702 $aTaylor$b John K$g(John Keenan),$f1912-1992, 712 02$aAmerican Society for testing and Materials Committee D-19 on Water. 712 12$aConference on Quality Assurance for Environmental Measurements$f(1983 :$eBoulder, Colo.) 801 0$bPQKB 906 $aBOOK 912 $a9910164709303321 996 $aQuality assurance for environmental measurements$93007279 997 $aUNINA